| 000 | 00893cam a2200289 a 4500 | ||
|---|---|---|---|
| 999 |
_c5694 _d5694 |
||
| 001 | 12894947 | ||
| 003 | OSt | ||
| 005 | 20190109101610.0 | ||
| 008 | 020814s2002 pau b 000 0 eng d | ||
| 010 | _a 2002141113 | ||
| 020 | _a0768420571 | ||
| 035 | _a(OCoLC)ocm49849732 | ||
| 040 |
_aORX _cORX _dDLC |
||
| 042 | _alccopycat | ||
| 050 | 0 | 0 |
_aBV4501.3 _b.G656 2002 |
| 082 | 0 | 4 |
_a248.4 _221 _bG626E |
| 100 | 1 | _aGoll, Jim W. | |
| 245 | 1 | 0 |
_aElijah's revolution : _bthe call to passion and sacrifice for radical change / _cJim W. Goll, Lou Engle. |
| 260 |
_aShippensburg, PA : _bTreasure House, _cc2002. |
||
| 300 |
_a204 p. ; _c23 cm. |
||
| 504 | _aIncludes bibliographical references. | ||
| 650 | 0 | _aChristian life. | |
| 700 | 1 | _aEngle, Lou. | |
| 906 |
_a7 _bcbc _ccopycat _d3 _encip _f19 _gy-gencatlg |
||
| 942 |
_2ddc _cBK |
||